00350cam a22000977a 4500008004000000082001800040245010300058260004000161300001100201700004000212180718b1963 xxu||||| |||| 00| 0 eng d aL2703x5421 Ut aA-journal dealing with the U.P. and central sales tax lawscby Sales Tax Department, Uttar Pradesh aLucknowbSales Tax Departmentc1963 a117+p. aUttar Pradesh. Sales Tax Department